Joueurs vainqueurs de la Ligue des Champions - mort subite - Statistiques

Statistiques générales
  • Ce quiz a été pris 3 791 fois
  • Le résultat moyen est 6 sur 16
Answers on the Grid
Answers color-coded by a green-red scale on the quiz's grid according to % correct below.
Sergio Ramos
Cole Palmer
Zlatan Ibrahimović
Diego Maradona
Kai Havertz
N'Golo Kanté
Kylian Mbappé
Álvaro Morata
Marco van Basten
Djibril Sidibé
Benjamin Nivet
Xherdan Shaqiri
Arjen Robben
Andriy Shevchenko
Michael Ballack
Diego Forlán
Ángel Di María
Ronaldo
Rivaldo
Jude Bellingham
Erling Haaland
Mats Hummels
Lucas Hernandez
Antoine Griezmann
Edinson Cavani
Stephan El Shaarawy
Mohamed Salah
Gianluigi Buffon
Sergio Agüero
George Weah
Michael Owen
Raphaël Varane
 
Statistiques - réponses
Réponse % Correct
Raphaël Varane
57%
Sergio Ramos
57%
Erling Haaland
54%
N'Golo Kanté
54%
Mohamed Salah
51%
Jude Bellingham
48%
Arjen Robben
45%
Ángel Di María
44%
Kai Havertz
41%
Lucas Hernandez
39%
Andriy Shevchenko
29%
Álvaro Morata
25%
Marco van Basten
24%
Xherdan Shaqiri
21%
Rivaldo
17%
Cole Palmer
15%
Aucun quiz correspondant
Distribution des résultats
% des personnes avec chaque résultat
Percentile par nombre de réponses
Votre historique - résultats
Vous n’avez pas pris ce quiz